Weasley Is Our King Quiz Stats

 Plays Quiz Updated Feb 20, 2018

Challenge
Share
Tweet
Embed
Score 0/97 Timer 05:00
2 Plays Today
% Correct
we
98.6%
a
97.9%
a
97.9%
a
97.9%
a
97.9%
King.
97.5%
King.
97.5%
King,
97.5%
King,
97.5%
King.
97.5%
King,
97.5%
King,
97.5%
King
97.5%
King.
97.5%
is
97.4%
is
97.4%
is
97.4%
is
97.4%
is
97.4%
is
97.4%
is
97.4%
is
97.4%
is
97.4%
Weasley
97.3%
Weasley
97.3%
Weasley
97.3%
Weasley
97.3%
Weasley
97.3%
Weasley
97.3%
Weasley
97.3%
Weasley
97.3%
Weasley
97.3%
Weasley
97.3%
% Correct
Weasley
97.3%
Weasley
97.3%
Weasley
97.3%
our
97%
our
97%
our
97%
our
97%
our
97%
our
97%
our
97%
our
97%
our
97%
He
81.4%
He
81.4%
He
81.4%
He
81.4%
He
81.4%
the
79.9%
the
79.9%
the
79.9%
in
71.3%
in,
71.3%
in,
71.3%
in,
71.3%
Quaffle
64.7%
Quaffle
64.7%
Quaffle
64.7%
let
62.3%
can
62%
always
57.3%
always
57.3%
lets
55%
lets
55%
% Correct
sing:
53.5%
sing:
53.5%
all
51.7%
all
51.7%
never
49.6%
why
49.6%
why
49.6%
save
48.2%
save
48.2%
was
47.8%
thing,
47.1%
That's
43.8%
That's
43.8%
bin,
43.5%
cannot
43.5%
cannot
43.5%
Slytherins
42.9%
ring,
42.1%
ring,
42.1%
born
41.5%
will
41.3%
single
40.9%
single
40.9%
Gryffindors
38.8%
win,
38.7%
didn't
38.3%
block
37.2%
anything,
36.3%
make
29.3%
sure
26.4%
leaves
20.8%

You're not logged in!

Compare scores with friends on all Sporcle quizzes.
Join for Free
OR
Log In

You Might Also Like...

Show Comments

Extras

Top Quizzes Today


Score Distribution

Your Account Isn't Verified!

In order to create a playlist on Sporcle, you need to verify the email address you used during registration. Go to your Sporcle Settings to finish the process.

Report this User

Report this user for behavior that violates our Community Guidelines.

Details: